000 00259nam a22001217a 4500
041 _aENG
100 _aKelley D.S
245 _aPro/Engineer Instructor
260 _aDelhi
_bTata McGraw Pub
_c1999
300 _a5554
650 _aComputer
856 _uComputer
999 _c730
_d730